| 000 | 01102nam a22003137a 4500 | ||
|---|---|---|---|
| 003 | CHAP | ||
| 005 | 20220329141511.0 | ||
| 008 | 971013s1986 r 00010 d | ||
| 010 | _a69144 | ||
| 011 | _a70116 | ||
| 035 | _a79596 | ||
| 040 | _cCHAP | ||
| 082 |
_a636.08 _bF8 |
||
| 245 |
_aFuture production and productivity in livestock farming _b: science versus politics : proceedings of DSA Symposium held in Strasburg, 1986 |
||
| 260 |
_aAmsterdam : _bElsevier, _c1986 |
||
| 300 |
_a254 p. _b: ilus. |
||
| 490 |
_aDevelopments in animal veterinary sciences _v; 20 |
||
| 500 | _a33-46 | ||
| 590 |
_aBATCH-UPD _b10 _c20130110 _lUCH01 _h0409 |
||
| 590 |
_aBATCH-UPD _b10 _c20130410 _lUCH01 _h0043 |
||
| 590 |
_aBATCH-UPD _b10 _c20130914 _lUCH01 _h1157 |
||
| 590 |
_aCONVERSION _b10 _c20130109 _lUCH01 _h1338 |
||
| 650 | 1 | 4 |
_aGanado _xProducción. _944945 |
| 650 | 1 | 4 |
_aPolítica ganadera _xEuropa. _990629 |
| 830 | 0 |
_aDevelopments in animal veterinary sciences _v; 20 _932277 |
|
| 901 | _aBK | ||
| 942 | _cLIBRO | ||
| 949 |
_a636.08 F8 _bBC _cLIBRO _d33724000258976 _eLIBRO _gI.146807 _h75827 _i79596 _si _t365.43 |
||
| 999 |
_c69144 _d69144 |
||